| 000 | 00690nam a22002057a 4500 | ||
|---|---|---|---|
| 001 | 38305 | ||
| 003 | BD-RjUL | ||
| 005 | 20211209052752.0 | ||
| 008 | 151102s1965 bg ||||| |||| 00| 0 ben d | ||
| 035 | _a(BD-RjUL)38410 | ||
| 040 |
_aBD-RjUL _bben _cBD-RjUL |
||
| 041 | _aben | ||
| 082 | _a297.650922 | ||
| 100 |
_aহোসেন, কাজী আবুল _9118405 |
||
| 245 |
_aআওলিয়া দরবেশ / _cকাজী আবুল হোসেন |
||
| 260 |
_aঢাকা : _bওসমানিয়া বুক ডিপো, _c ১৯৬১ |
||
| 300 |
_a২৭৯ পৃ. ; _c২১ সেমি. |
||
| 650 |
_aMuslim saints _zBangladesh. _9118406 |
||
| 942 |
_2ddc _cBK |
||
| 999 |
_c38305 _d38305 |
||